000 00262nam a22000977a 4500
999 _c531458
_d531458
082 _a620.136
_bMEH
100 _aMetha, Kumar P.
245 _aConcrete structure properties & Materials /
942 _2ddc
_cBK